| 000 | 00492nam a2200181Ia 4500 | ||
|---|---|---|---|
| 999 |
_c14686 _d14686 |
||
| 003 | OSt | ||
| 005 | 20260305124735.0 | ||
| 008 | 190216s9999||||xx |||||||||||||| ||und|| | ||
| 020 | _a9781408824856 | ||
| 040 | _coclc | ||
| 082 |
_a813.6 _bHOS/T |
||
| 100 | 1 |
_aHosseini, Khaled _96186 |
|
| 245 | 4 |
_aThe Kite Runner / _cKhaled Hosseini |
|
| 260 |
_bBlooms Bury, _c2011. _aLondon: |
||
| 300 | _a324p | ||
| 650 | _aEnglish | ||
| 942 |
_cBK _2ddc _h813.6 _iHOS/T _k813.6 _mHOS/T |
||